000 00700nam a2200253Ia 4500
008 180523s9999 xx 000 0 und d
020 _a0-7817-6144-1
050 _aMAIN QR 41.2
050 _b.B87 2004
100 _aBurton, Gwendolyn R. W.
245 0 _aMicrobiology for the health sciences /
245 0 _cGwendolyn R. W. Burton, Paul G. Engelkirk.
250 _a7th Edition
260 _aPhiladelphia :
260 _bLippincott Williams & Wilkins,
260 _c2004
300 _a561 pages :
300 _billustrations ;
300 _c23 cm.
500 _aIncludes index.
650 _aAllied health personnel.
650 _aMicrobiology.
650 _xMedical microbiology.
999 _c357594
_d357594